000 00399nam a2200181Ia 4500
001 10377
005 20260306161828.0
008 260306t2003||||xx |||||||||||||| ||spa||
041 _aESP
082 _a922.21
_bCH557
100 _aChiron, Yves
_eAUT
245 0 _aPio IX
260 _c2003
300 _a443 páginas :
_c22 cm.
650 _aGEN
654 _aCHU
942 _cLIB
_dJUS
_fJUS
_2ddc
_n
999 _c10377
_d10377